<?xml version="1.0" encoding="UTF-8"?>
<record
    xmlns:xsi="http://www.w3.org/2001/XMLSchema-instance"
    xsi:schemaLocation="http://www.loc.gov/MARC21/slim http://www.loc.gov/standards/marcxml/schema/MARC21slim.xsd"
    xmlns="http://www.loc.gov/MARC21/slim">

  <leader>02476nam a2200361 i 4500</leader>
  <controlfield tag="001">000046297</controlfield>
  <controlfield tag="003">DO-SdBNP</controlfield>
  <controlfield tag="005">20260321073643.0</controlfield>
  <controlfield tag="007">ta</controlfield>
  <controlfield tag="008">150716s2000    dr      r     000 0 spa d</controlfield>
  <datafield tag="020" ind1=" " ind2=" ">
    <subfield code="a">9993442046</subfield>
  </datafield>
  <datafield tag="040" ind1=" " ind2=" ">
    <subfield code="a">DO-SdBNP</subfield>
    <subfield code="b">spa</subfield>
    <subfield code="c">BNPHU</subfield>
    <subfield code="e">rda</subfield>
  </datafield>
  <datafield tag="082" ind1=" " ind2="4">
    <subfield code="2">22</subfield>
    <subfield code="a">923.27293</subfield>
    <subfield code="b">B742s</subfield>
  </datafield>
  <datafield tag="111" ind1="2" ind2=" ">
    <subfield code="a">Seminario Internacional Juan Bosch Vida y Obra</subfield>
    <subfield code="n">(3 : </subfield>
    <subfield code="d">2000 :</subfield>
    <subfield code="c">Santo Domingo)</subfield>
    <subfield code="9">77210</subfield>
  </datafield>
  <datafield tag="245" ind1="1" ind2="0">
    <subfield code="a">Juan Bosch :</subfield>
    <subfield code="b">vida y obra /</subfield>
    <subfield code="c">editor, Orlando D&#xED;az ; introducci&#xF3;n, Alejandro Gonz&#xE1;lez Pons.</subfield>
  </datafield>
  <datafield tag="264" ind1=" " ind2=" ">
    <subfield code="a">Santo Domingo :</subfield>
    <subfield code="b">Comisi&#xF3;n Permanente de la Feria del Libro,</subfield>
    <subfield code="c">2000.</subfield>
  </datafield>
  <datafield tag="300" ind1=" " ind2=" ">
    <subfield code="a">174 p&#xE1;ginas ;</subfield>
    <subfield code="c">23 cm.</subfield>
  </datafield>
  <datafield tag="336" ind1=" " ind2=" ">
    <subfield code="2">rdacontent</subfield>
    <subfield code="a">texto</subfield>
    <subfield code="b">txt</subfield>
  </datafield>
  <datafield tag="337" ind1=" " ind2=" ">
    <subfield code="2">rdamedia</subfield>
    <subfield code="a">sin mediaci&#xF3;n</subfield>
    <subfield code="b">n</subfield>
  </datafield>
  <datafield tag="338" ind1=" " ind2=" ">
    <subfield code="2">rdacarrier</subfield>
    <subfield code="a">volumen</subfield>
    <subfield code="b">nc</subfield>
  </datafield>
  <datafield tag="490" ind1="1" ind2=" ">
    <subfield code="a">Ediciones Ferilibro ;</subfield>
    <subfield code="v">33</subfield>
  </datafield>
  <datafield tag="500" ind1=" " ind2=" ">
    <subfield code="a">Incluye referencias bibliogr&#xE1;ficas y notas al pie de las p&#xE1;ginas</subfield>
  </datafield>
  <datafield tag="500" ind1=" " ind2=" ">
    <subfield code="a">Ponencias presentadas en el Seminario Internacional 'Juan Bosch: Vida y Obra', realizado dentro del marco de la III Feria Internacional del Libro Santo Domingo-2000"</subfield>
  </datafield>
  <datafield tag="505" ind1="0" ind2=" ">
    <subfield code="a">Semblanza literaria de Juan Bosch /</subfield>
    <subfield code="r">Bruno Rosario Candelier --</subfield>
    <subfield code="t">El problema del ver en pol&#xED;tica: Althusser y Bosch /</subfield>
    <subfield code="r">Rafael Juli&#xE1;n --</subfield>
    <subfield code="t">Juan Bosch, luchador, escritor, hermeneuta /</subfield>
    <subfield code="r">Jorge N&#xFA;&#xF1;ez S&#xE1;nchez --</subfield>
    <subfield code="t">La visi&#xF3;n crioll&#xED;stica en la cuent&#xED;stica de Juan Bosch, sus rasgos esenciales /</subfield>
    <subfield code="r">Roberto Fern&#xE1;ndez Valledor --</subfield>
    <subfield code="t">Juan Bosch maestro del cuento latinoamericano /</subfield>
    <subfield code="r">Ra&#xFA;l P&#xE9;rez Torres --</subfield>
    <subfield code="t">Juan Bosch : patriota, escritor, l&#xED;der y maestro /</subfield>
    <subfield code="r">Euclides Guti&#xE9;rrez F&#xE9;lix --</subfield>
    <subfield code="t">Narraci&#xF3;n y estilo en Juan Bosch: su mundo cenest&#xE9;tico /</subfield>
    <subfield code="r">Manuel A. Ossers Cabrera --</subfield>
    <subfield code="t">La imagen de Am&#xE9;rica: cuentos dominicanos y americanos de Juan Bosch /</subfield>
    <subfield code="r">Manuel Joffr&#xE9; Berr&#xED;os --</subfield>
    <subfield code="t">La mujer en los cuentos de Juan Bosch: paradojas, conflictos y realidades /</subfield>
    <subfield code="r">Clara Mercedes Jorge Tejada de Ram&#xED;rez --</subfield>
    <subfield code="t">Juan Bosch: una estampa literaria /</subfield>
    <subfield code="r">Le&#xF3;n David --</subfield>
    <subfield code="t">Juan Bosch: heritier du genre conte /</subfield>
    <subfield code="r">Lionel Richard --</subfield>
    <subfield code="t">Expositores /</subfield>
    <subfield code="t">Notas bibliogr&#xE1;ficas.</subfield>
  </datafield>
  <datafield tag="590" ind1=" " ind2=" ">
    <subfield code="a">Inventariado, 2018/BT</subfield>
  </datafield>
  <datafield tag="600" ind1="1" ind2="0">
    <subfield code="a"> Bosch, Juan, </subfield>
    <subfield code="d">1909-2001</subfield>
    <subfield code="9">76555</subfield>
  </datafield>
  <datafield tag="650" ind1=" " ind2="4">
    <subfield code="a">Presidentes</subfield>
    <subfield code="z">Rep&#xFA;blica Dominicana</subfield>
    <subfield code="v">Congresos, conferencias, etc.</subfield>
    <subfield code="9">74310</subfield>
  </datafield>
  <datafield tag="651" ind1=" " ind2="4">
    <subfield code="a">Rep&#xFA;blica Dominicna</subfield>
    <subfield code="v">Biograf&#xED;as</subfield>
    <subfield code="v">Congresos, conferencias, etc.</subfield>
    <subfield code="9">74311</subfield>
  </datafield>
  <datafield tag="700" ind1="1" ind2=" ">
    <subfield code="a">Gonz&#xE1;lez Pons, Alejandro,</subfield>
    <subfield code="e">introduci&#xF3;n</subfield>
    <subfield code="9">68430</subfield>
  </datafield>
  <datafield tag="700" ind1="1" ind2=" ">
    <subfield code="a">D&#xED;az, Orlando,</subfield>
    <subfield code="e">editor</subfield>
    <subfield code="9">14007</subfield>
  </datafield>
  <datafield tag="910" ind1=" " ind2=" ">
    <subfield code="a">Validado. Control de calidad MFF</subfield>
  </datafield>
  <datafield tag="942" ind1=" " ind2=" ">
    <subfield code="2">ddc</subfield>
    <subfield code="c">LBS1</subfield>
  </datafield>
  <datafield tag="952" ind1=" " ind2=" ">
    <subfield code="0">0</subfield>
    <subfield code="1">0</subfield>
    <subfield code="2">ddc</subfield>
    <subfield code="5">1</subfield>
    <subfield code="7">0</subfield>
    <subfield code="8">PD</subfield>
    <subfield code="a">BNPHU</subfield>
    <subfield code="b">BNPHU</subfield>
    <subfield code="c">HD</subfield>
    <subfield code="d">2015-07-16</subfield>
    <subfield code="e">Donaci&#xF3;n</subfield>
    <subfield code="l">0</subfield>
    <subfield code="o">BNPHU PD 923.27293 B742s</subfield>
    <subfield code="p">46297-10</subfield>
    <subfield code="r">2020-06-25</subfield>
    <subfield code="w">2020-06-25</subfield>
    <subfield code="y">LBS1</subfield>
    <subfield code="z">Perteneci&#xF3; a la biblioteca personal de Chiqui Vicioso / Fidelio Despradel.</subfield>
  </datafield>
  <datafield tag="952" ind1=" " ind2=" ">
    <subfield code="0">0</subfield>
    <subfield code="1">0</subfield>
    <subfield code="2">ddc</subfield>
    <subfield code="5">1</subfield>
    <subfield code="7">0</subfield>
    <subfield code="8">PD</subfield>
    <subfield code="a">BNPHU</subfield>
    <subfield code="b">BNPHU</subfield>
    <subfield code="c">HD</subfield>
    <subfield code="d">2014-06-08</subfield>
    <subfield code="e">Donaci&#xF3;n</subfield>
    <subfield code="l">0</subfield>
    <subfield code="o">BNPHU PD 923.27293 B742s</subfield>
    <subfield code="p">46297-20</subfield>
    <subfield code="r">2022-09-15</subfield>
    <subfield code="t">e. 2</subfield>
    <subfield code="w">2020-06-25</subfield>
    <subfield code="y">LBS1</subfield>
    <subfield code="z">Perteneci&#xF3; a la biblioteca personal de Chiqui Vicioso y Fidelio Despradel.</subfield>
  </datafield>
  <datafield tag="952" ind1=" " ind2=" ">
    <subfield code="0">0</subfield>
    <subfield code="1">0</subfield>
    <subfield code="2">ddc</subfield>
    <subfield code="5">6</subfield>
    <subfield code="7">0</subfield>
    <subfield code="8">DS</subfield>
    <subfield code="a">BNPHU</subfield>
    <subfield code="b">BNPHU</subfield>
    <subfield code="c">HD</subfield>
    <subfield code="d">2015-07-16</subfield>
    <subfield code="l">0</subfield>
    <subfield code="o">BNPHU DS 923.27293 B742s</subfield>
    <subfield code="p">46298-10</subfield>
    <subfield code="r">2020-06-25</subfield>
    <subfield code="t">e.3</subfield>
    <subfield code="w">2020-06-25</subfield>
    <subfield code="y">LBS1</subfield>
  </datafield>
  <datafield tag="999" ind1=" " ind2=" ">
    <subfield code="c">45786</subfield>
    <subfield code="d">45786</subfield>
  </datafield>
</record>
